En lengua materna / (Registro nro. 11444)

Detalles MARC
000 -LIDER
fixed length control field 00934nam a22003017a 4500
001 - NÚMERO DE CONTROL
Identificador de número de control 000686
003 - IDENTIFICACDOR DE NÚMERO DE CONTROL
control field DO-SdBNP
005 - DATE AND TIME OF LATEST TRANSACTION
control field 20240723113251.0
007 - CAMPOS FIJOS DE DESCRIPCIÓN FÍSICA
fixed length control field 000686
008 - ELEMENTOS DE LONGITUD FIJA
fixed length control field 151210b2001 sp 00| 0 spa d
020 ## - ISBN
International Standard Book Number 8433969293
040 ## - FUENTE DE CATALOGACIÓN
Agencia que crea de manera original el registro BPMSU
Idioma de catalogación spa
Agencia que realiza la transcripción BPMSU
082 #4 - NÚMERO DE CLASIFICACIÓN DECIMAL DE DEWEY
Classification number 895.734
Item number C456e 2001
Edition number 22
100 1# - ASIENTO PRINCIPAL -- NOMBRE PERSONAL
Nombre personal Chang,-Rae, Lee
Fechas asociadas con el nombre 1965-
240 10 - TITULO UNIFORME
Título uniforme
245 13 - MENCIÓN DE TITULO
Título En lengua materna /
Mención de responsabilidad Chang-rae Lee ; traducción Jesús Zulaika
260 ## - PUBLICACIÓN, DISTRIBUCIÓN, ETC. (PIE DE IMPRENTA)
Lugar de publicación, distribución, etc Barcelona ;
Nombre del editor, distribuidor, etc. Anagrama,
Fecha de publicación, distribución, etc 2001.
300 ## - DESCRIPCIÓN FÍSICA
Extensión 354 p.;
Dimensiones 22 cm.
490 0# - MENCIÓN DE SERIES
Mención de serie Panorama de narrativas,
Volume/sequential designation 471
500 ## - NOTA GENERAL
Nota general Incluye datos biográficos del autor en la solapa de la cubierta
534 ## - NOTA SOBRE LA VERSIÓN ORIGINAL
Frase introductoria Título original. :
Mención del título original Native speaker.
590 ## - NOTA LOCAL
Texto de la nota local Inventariado, 2024/VM
650 #4 - ENCABEZAMIENTO DE MATERIA--TEMÁTICO
Término temático o nombre geográfico como elemento de entrada Novela coreana.
650 #4 - ENCABEZAMIENTO DE MATERIA--TEMÁTICO
Término temático o nombre geográfico como elemento de entrada Coreanos en Estados Unidos
Subdivisión de forma Novela.
700 1# - ASIENTO SECUNDARIO -- NOMBRE PERSONAL
Nombre personal Zulaika, Jesús,
Mención de responsabilidad traductor
910 ## - VALIDACIÓN
Validación VMateo V. Control de calidad. BPMSU
942 ## - ADDED ENTRY ELEMENTS (KOHA)
Source of classification or shelving scheme Dewey Decimal Classification
Koha item type Libros
Existencias
Withdrawn status Lost status Source of classification or shelving scheme Damaged status Not for loan Collection code Home library Current library Date acquired Source of acquisition Total Checkouts Full call number Barcode Date last seen Price effective from Koha item type
    Dewey Decimal Classification     Colección General Biblioteca Pública Metropolitana Salomé Ureña Biblioteca Pública Metropolitana Salomé Ureña 09/19/2016   BPMSU CG 895.734 C456e 2001 BPMSU16090403 09/19/2016 09/19/2016 Libros